Flagi współczesnych państw Imperium Mongolskiego - Statystyki

Ogólne statystyki
  • Ten quiz został rozwiązany 43 razy
  • Średni wynik to 25 z 27
Statystyki odpowiedzi
Obrazkowy Odpowiedź % Poprawnych
Chiny
100%
Korea Północna
100%
Korea Południowa
100%
Mongolia
100%
Wietnam
100%
Indie
97%
Iran
97%
Pakistan
97%
Rumunia
97%
Turkmenistan
97%
Afganistan
94%
Białoruś
94%
Kazachstan
94%
Uzbekistan
94%
Gruzja
91%
Irak
91%
Mołdawia
91%
Polska
91%
Turcja
91%
Armenia
88%
Kirgistan
88%
Mjanma
88%
Rosja
88%
Syria
88%
Tadżykistan
88%
Ukraina
88%
Azerbejdżan
84%
Nie znaleziono quizów pasujących do podanych kryteriów
Rozkład punktacji
Procent ludzi z każdym wynikiem
Percentyl według liczby udzielonych odpowiedzi
Twoja historia wyników
Nie rozwiązałeś tego quizu